000
00298nam a2200109Ia 4500
001
588866
005
20250717120838.0
008
250717s9999 xx 000 0 und d
245
0
_a
Y-6 ÇİZGİLERLE NASREDİN HOCA VE EŞEĞİ
_c
ERDOĞAN OĞULTEKİN
260
_b
HAYAT YAYINLARI
_c
2018
300
_b
63
999
_c
588866
_d
588866